Guess the Kendrick Lamar song by its lyrics - Statistics

General Stats
  • This quiz has been taken 231 times
  • The average score is 4 of 10
Answer Stats
Hint Answer % Correct
A perfect world is never perfect, only filled with lies. PRIDE.
71%
Tired of running, tired of huntingMy own kind but retiring nothing Sing About Me, I'm Dying Of Thirst
70%
When I get signed, homie, I'ma act a foolHit the dance floor, strobe lights in the room Wesley's Theory
66%
Yesterday I got a call like from my dog like 101Said they killed his only son because of insufficient funds XXX.
61%
If I told you that a flower bloomed in a dark room, would you trust it? Poetic Justice
58%
How many times my potential was anonymous?How many times the city making me promises? i
38%
Riding with them boys and girls and we're high (high) Chapter Six
22%
If I told you who I am, would you use it against me?Right or wrong, no stone, just love to send me Die Hard
22%
Maybe it's time to break it off Run away from the culture to follow my heart Mirror
19%
I love the way you put it on your eyesThe roses on your face light up the sky No Makeup (Her Vice)
19%
No matching quizzes found
Score Distribution
Percent of People with Each Score
Percentile by Number Answered
Your Score History
You have not taken this quiz